BIBLIOTHÈQUE DE LA MAISON DU MEXIQUE

Logo 1 Logo 2

Sociopsicoanálisis (notice nᵒ 12259)

détails MARC
000 -Sello discográfico
campo de control de longitud fija 01018nam a2200325 4500
005 - Identificación de versión
campo de control 20251016083009.0
035 ## - Otros números de control del sistema
Número de control del sistema 16210
099 ## - fechas locales
Tipo de ítem Koha LIBRO
100 ## - Datos de procesamiento general
Datos de procesamiento general 19930801d1974 m y1spay5003 ba
101 ## - Idioma del recurso
Idioma del texto, banda sonora, etc. Español; Castellano
Idioma de la obra original Francés
105 ## - Campo de datos codificados: Material textual, monográfico
Datos codificados de monografía y 001zy
200 1# - Título y mención de responsabilidad
Título propio Sociopsicoanálisis
Designación general del material texto impreso
Primer mención de responsabilidad Gérard Mendel
Declaración de responsabilidad subsiguiente traducción de Víctor Goldstein
210 ## - Publicación, distribución, etc.
Lugar de publicación, distribución, etc. Buenos Aires
Nombre del editor, distribuidor, etc. Amorrortu editores
Fecha de publicación, distribución, etc. 1974
215 ## - Descripción física
Designación de material específico y extensión del ítem 3 v
Dimensiones 20 cm
300 ## - Notas generales
Texto de la nota Traducción de: Sociopsychanalyse
327 ## - Nota de contenidos
Texto de la nota La biblioteca cuenta con v.1 y v.2
345 ## - Nota de información de adquisición
Fuente de adquisición/dirección de la suscripción [OBSOLETO] Donación
606 ## - Término temático usado como materia
Elemento de entrada Psicoanálisis
Número Koha 3844
606 ## - Término temático usado como materia
Elemento de entrada Psicología social
Número Koha 859
700 ## - Nombre personal - Responsabilidad primaria
Elemento de entrada Mendel
Parte del nombre distinta del elemento de entrada Gérard
Número Koha 18896
702 ## - Nombre personal - Responsabilidad secundaria
Elemento de entrada Goldstein
Parte del nombre distinta del elemento de entrada Víctor
Número Koha 18897
801 #0 - Fuente de origen
Agencia cm
900 ## -
-- 1/9022
900 ## -
-- 710934682\\010893
942 ## - ELEMENTOS DE ENTRADA SECUNDARIOS (KOHA)
Tipo de ítem Koha Livre
996 ## -
-- MEX
-- 751145101
-- MMAG
-- 004985
-- 150.195 M537S V.1
-- 20210602LIV
996 ## -
-- MEX
-- 751145101
-- MMAG
-- 004986
-- 150.195 M537S V.2
-- 20210602LIV
Exemplaires
Estatus retirado Estado de daño Estado de pérdida Fecha de adquisición Biblioteca de origen Biblioteca actual Ubicación en estantería Código de barras Precio de reemplazo Signatura topográfica completa No para préstamo Tipo de ítem Koha Nota pública Nota no pública
      05/08/2025 Casa México Paris Casa México Paris   004985 05/08/2025 150.195 M537S V.1   Livre 20210602LIV 751145101
      05/08/2025 Casa México Paris Casa México Paris   004986 05/08/2025 150.195 M537S V.2   Livre 20210602LIV 751145101